000 00419nam a2200145Ia 4500
999 _c14144
_d14144
003 OSt
005 20260304185432.0
008 260210s9999 xx 000 0 und d
020 _a9783868596342
100 _aOlaf Bartels and Behörde für Stadtentwicklung und Wohnen
245 0 _aHamburg - Positions, Plans, Projects: I: Building Urban Spaces
260 _bJOVIS VERLAG 2020
260 _c2020
942 _cBPLAN
_2ddc